000 00301nam a22001337a 4500
008 170202b xxu||||| |||| 00| 0 eng d
020 _a0070709106
041 _aeng
080 _213TH
_a61
100 _a3
101 _aSHM
245 _aPRINCIPLES OF INTERNAL MEDICINE
_cISSELBACHER
942 _2udc
_cBK
999 _c4286
_d4286